00594 a2200193 4500020001500000020001800015082001100033090001300044100002100057245004200078260004100120300002100161490003200182700002100214830003200235942002400267999001700291952009200308 a0486449955 a9780486449951 a519.32 c959d9591 aFriedman, Avner.10aDifferential games /cAvner Friedman. a[S.l.] :bDover Publications,c2006. a368 p. ;c22 cm.1 aDover books on mathematics. aFriedman, Avner. 0aDover books on mathematics. aSNScBKk519.32 FRI c29578d29578 00104070aSNSbSNSd2016-05-26l0o519.32 FRIpSNS0001130r2016-05-26w2016-05-26yBK